LEADER 00487nab a2200133 i 4500 001 000000328639 003 CaOOAMICUS 005 20180831173604.0 008 180831n it uu u0 0ita r 013 $a40258 040 $aSeMil$bita 245 10$aAmici del Seminario: perchè? - In [rubrica] :$bGiornata per il Seminario. 773 0 $tNel solco dei santi pastori.$gp.4-5$w()290978 996 $6245$aAmici del Seminario: perchè? - In [rubrica] :$bGiornata per il Seminario.$9(OLS)http://semarc/title/417183 LEADER 00722naa a2200157 i 4500 001 000000304651 003 CaOOAMICUS 005 20180831172823.0 008 180831n it u000 u ita u 013 $a12514 040 $aSeMil$bita 100 1 $aSgroi, Placido <1960-2018>.$0(OLS)http://semarc/name/91588 245 12$aI matrimoni interconfessionali, sfida e risorsa per le Chiese. - In :$bAppendice. 650 4$aMatrimoni interconfessionali.$0(OLS)http://semarc/subject/42634 773 0 $tUniti nel battesimo e nel matrimonio.$dVenezia : ISE, 2004.$kQuaderni di Studi Ecumenici$gp.[138]-216$w()138414 996 $6245$aI matrimoni interconfessionali, sfida e risorsa per le Chiese. - In :$bAppendice.$9(OLS)http://semarc/title/380380